[Event "Cup Yugoslavia (team)"]
[Site "masterchessopen.com Ulcinj (Yugoslavia)"]
[Round "2"]
[White "Martinovic Slobodan (SRB)"]
[Black "Dekic Josip (SRB)"]
[Result "1-0"]
[WhiteElo "2445"]
[BlackElo "2315"]

1.Nf3 Nf6 2.g3 g6 3.d4 Bg7 4.Bg2 d5 5.c4 c6 6.Nbd2 O-O 7.O-O Bf5 8.b3 a5 9.Bb2
a4 10.Nh4 Be6 11.Qc2 Qd7 12.bxa4 Na6 13.c5 Rfb8 14.a5 g5 15.Nhf3 Bf5 16.Qc3 h6
17.Ne5 Qd8 18.f3 Nd7 19.f4 Nxe5 20.fxe5 Bg6 21.Nf3 Nc7 22.Qd2 Qd7 23.h4 g4
24.Ne1 f6 25.exf6 exf6 26.Nd3 Re8 27.Nf4 Be4 28.Rf2 f5 29.Raf1 Bxg2 30.Nxg2
Qe6 31.Qb4 Na6 32.Qb3 Qe4 33.e3 Re7 34.Rxf5 Rf8 35.Rxf8+ Bxf8 36.h5 Bg7 37.Bc1
Qe6 38.Rf4 Bf6 39.Qd1 Rg7 40.Rf2 Bd8 41.Bd2 Bc7 42.Nf4 Qf5 43.Qf1 Bxf4 44.Rxf4
Qxh5 45.Rf8+ Kh7 46.e4 dxe4 47.Rf6 Qd5 48.Rxh6+ Kg8 49.Qf6 Nc7 50.Bf4 Ne8
51.Qe5 Qxe5 52.Bxe5 Rg5 53.Kf2 Ng7 54.a6 bxa6 55.Rxc6 Nf5 56.Rxa6 e3+ 57.Ke2
Rh5 58.Ra8+ Kf7 59.Rh8 Nxg3+ 60.Kxe3 Nf5+ 61.Ke4 Rg5 62.Kf4 {#r} 1-0

[Event "Ch Poland (team) (2nd liga)"]
[Site "masterchessopen.com Wisla (Poland)"]
[Round "0"]
[White "Bielawski Przemyslaw (POL)"]
[Black "Smagacz Dariusz (POL)"]
[Result "0-1"]
[WhiteElo "2210"]
[BlackElo "2179"]

1.d4 Nf6 2.Nf3 g6 3.Nbd2 d5 4.c4 Bg7 5.g3 O-O 6.Bg2 c6 7.O-O Ne4 8.e3 Nxd2
9.Nxd2 dxc4 10.Nxc4 Be6 11.Qe2 Nd7 12.Rd1 b5 13.Nd2 Qb6 14.b3 Rad8 15.Rb1 Bd5
16.e4 Be6 17.Nf3 Bg4 18.Be3 e5 19.dxe5 Qc7 20.e6 Ne5 21.h3 Nxf3+ 22.Bxf3 Bxe6
23.Bg2 a5 24.Rdc1 Bd4 25.Rc2 Qb6 26.Bxd4 Rxd4 27.Rbc1 Rc8 28.Rc5 Bc4 29.R5xc4
bxc4 30.Rxc4 Rcd8 31.Rc2 Rd1+ 32.Kh2 Qd4 {#R} 0-1

[Event "It (open)"]
[Site "masterchessopen.com Bayern (Germany)"]
[Round "1"]
[White "Mozes Ervin (ROM)"]
[Black "Lutz Thomas (GER)"]
[Result "1-0"]
[WhiteElo "2419"]
[BlackElo "2094"]

1.g3 d5 2.Bg2 c6 3.Nf3 g6 4.O-O Bg7 5.d4 Nf6 6.Nbd2 O-O 7.c4 Na6 8.b3 Re8
9.Bb2 Nc7 10.Re1 Bd7 11.Ne5 Be6 12.Rc1 Rc8 13.c5 Nd7 14.Nd3 Nb5 15.Nf3 f6
16.a4 Nc7 17.b4 Bf7 18.Nd2 a6 19.e3 Ne6 20.h4 Nef8 21.Nb3 Rb8 22.b5 axb5
23.axb5 cxb5 24.Nb4 Rc8 25.Nxd5 Nb8 26.Nb6 Rc7 27.Qd3 Nbd7 28.Qxb5 Nxb6
29.cxb6 Rxc1 30.Rxc1 Qd7 31.Qb4 Ne6 32.d5 Nd8 33.e4 Qg4 34.Qd2 h5 35.Kh2 Kh7
36.Rc7 Bh6 37.Qd3 Ne6 38.f3 Qxg3+ 39.Kxg3 Bf4+ 40.Kf2 Bxc7 41.bxc7 {#r} 1-0

[Event "It (open)"]
[Site "masterchessopen.com Benasque (Spain)"]
[Round "5"]
[White "Kurajica Bojan (CRO)"]
[Black "Mundet Jaume (ESP)"]
[Result "1-0"]
[WhiteElo "2541"]
[BlackElo "2228"]

1.d4 Nf6 2.Nf3 g6 3.g3 Bg7 4.Bg2 O-O 5.O-O d5 6.c4 c6 7.Nbd2 Nbd7 8.Qc2 Re8
9.e3 e5 10.cxd5 cxd5 11.dxe5 Nxe5 12.Nxe5 Rxe5 13.Nf3 Re7 14.Bd2 Bg4 15.Bc3
Rc8 16.Qa4 Bxf3 17.Bxf3 b6 18.Rad1 Ne4 19.Bxg7 Kxg7 20.Rd4 Qe8 21.Qb3 Nf6
22.Bxd5 Nxd5 23.Rxd5 h5 24.h4 Re4 25.Rfd1 Qe6 26.Qd3 Re8 27.a3 Qg4 28.Qc3+ Kh7
29.Rd7 Qf3 30.R1d3 a5 31.Qc7 Kg7 32.Qxb6 Rc4 33.Rc3 Rxh4 34.Rxf7+ Kxf7 35.Rc7+
Re7 36.Rxe7+ Kxe7 37.Qc7+ Kf6 38.Qd8+ Kg7 39.Qxh4 Qd1+ 40.Kg2 Qd5+ 41.Kh2 Qb5
42.Qd4+ Kh7 43.e4 Qe2 44.Kg2 h4 45.Qd7+ Kg8 46.Qe6+ Kg7 47.Qe7+ Kg8 48.Qxh4
Qxb2 49.Qd8+ {#r} 1-0

[Event "It (open) \"]
[Site "masterchessopen.com Copenhagen (Denmark)"]
[Round "2"]
[White "Bekker-Jensen Simon (DEN)"]
[Black "Byrn Carsten (DEN)"]
[Result "1-0"]
[WhiteElo "2436"]
[BlackElo "2114"]

1.d4 Nf6 2.c4 g6 3.g3 c6 4.Bg2 d5 5.Nd2 Bg7 6.Ngf3 O-O 7.O-O Bf5 8.b3 Ne4
9.Bb2 Nxd2 10.Nxd2 Na6 11.Rc1 Qd7 12.Re1 Rfd8 13.cxd5 cxd5 14.Nf3 f6 15.Qd2
Be4 16.Bf1 Rac8 17.Nh4 g5 18.Ng2 Rxc1 19.Rxc1 Rc8 20.Ba3 e6 21.Ne1 Bf8 22.Bxf8
Kxf8 23.e3 Rxc1 24.Qxc1 Qc7 25.Qa3+ Qe7 26.Qb2 Nb8 27.Bd3 Bxd3 28.Nxd3 b6
29.b4 Qc7 30.b5 Kg7 31.Nb4 Qc4 32.Qa3 Qxb5 33.Qxa7+ Kg6 34.Qxb8 Qxb4 35.Qg8+
Kh6 36.Qxe6 Kg7 37.Qxd5 h5 38.Qe6 Qb1+ 39.Kg2 g4 40.Qe7+ Kg8 41.Qe6+ Kg7
42.Qd5 Qd1 43.Qf5 b5 44.Qxb5 Qf3+ 45.Kg1 f5 46.Qd3 f4 47.d5 fxg3 48.hxg3 h4
49.gxh4 g3 50.Qc3+ Kf8 51.Qc8+ Ke7 52.Qc7+ Ke8 53.Qxg3 Qd1+ 54.Kh2 Qxd5 55.a4
Qa2 56.Qf4 Qd5 57.e4 Qa5 58.e5 Qd5 59.e6 {#r} 1-0

[Event "Extra League 1998/99"]
[Site "masterchessopen.com Czech Republic"]
[Round "7"]
[White "Karlik Vladimir (CZE)"]
[Black "Neuman Petr (CZE)"]
[Result "1-0"]
[WhiteElo "2324"]
[BlackElo "2384"]

1.d4 Nf6 2.Nf3 g6 3.g3 Bg7 4.Bg2 O-O 5.O-O c6 6.Nbd2 d5 7.c4 Ne4 8.e3 Nd7
9.Nxe4 dxe4 10.Ng5 e5 11.Nxe4 exd4 12.exd4 Qb6 13.d5 Qa6 14.c5 f5 15.dxc6 bxc6
16.Qb3+ Kh8 17.Ng5 Bf6 18.Ne6 Rb8 19.Qd1 Rf7 20.Re1 Qc4 21.Bxc6 Ne5 22.Bd5 Qa6
23.Bf4 Bxe6 24.Bxe5 {#r} 1-0

[Event "Moravian League 1998/99 (1st)"]
[Site "masterchessopen.com Czech Republic"]
[Round "8"]
[White "Symersky Petr (CZE)"]
[Black "Moulis Mojmir (CZE)"]
[Result "1-0"]
[WhiteElo "2111"]
[BlackElo "2149"]

1.d4 d5 2.Nf3 Nf6 3.g3 g6 4.Bg2 Bg7 5.O-O O-O 6.Nbd2 c6 7.c4 Qb6 8.c5 Qc7 9.b4
b5 10.Nb3 Nh5 11.Bb2 Nd7 12.Re1 f5 13.Ng5 Ndf6 14.f4 Ne4 15.Nf3 h6 16.Ne5 Kh7
17.e3 Nhf6 18.a4 Bd7 19.axb5 cxb5 20.Qd3 a6 21.Ra3 Ra7 22.Rea1 Rfa8 23.c6 Be6
24.Nc5 Nxc5 25.bxc5 Ne4 26.Bxe4 dxe4 27.Qd2 Bd5 28.Nd7 Qxc6 29.Nb6 Rb8 30.Rxa6
Rxa6 31.Rxa6 e6 32.Qa5 Rb7 33.Nc4 Qc7 34.Nd6 Qxa5 35.Rxa5 Rb8 36.Rxb5 Ra8
37.Rb6 Ra2 38.Ne8 Kg8 39.Nc7 Bc4 40.c6 Kf7 41.Rb7 Kf8 42.Rb8+ Ke7 43.Ne8 Bh8
44.Bc3 Ba6 45.c7 Kd7 46.Rd8+ {#r} 1-0

[Event "Ch France (team) (nat.3) 1999"]
[Site "masterchessopen.com France"]
[Round "6"]
[White "Balmelle Jean-Luc (FRA)"]
[Black "Djoudi Amar (FRA)"]
[Result "1-0"]
[WhiteElo "2159"]
[BlackElo "2140"]

1.Nf3 d5 2.g3 Nf6 3.Bg2 c6 4.O-O g6 5.d4 Bg7 6.Nbd2 O-O 7.c4 Ne4 8.cxd5 cxd5
9.Ne5 Nxd2 10.Bxd2 Nc6 11.Nxc6 bxc6 12.Bc3 Qb6 13.b4 f6 14.e4 Ba6 15.exd5 Bxf1
16.Qxf1 f5 17.dxc6 f4 18.Qc4+ Kh8 19.Qc5 Qc7 20.Re1 fxg3 21.hxg3 Rf7 22.a4
Raf8 23.Re2 Qc8 24.d5 Qg4 25.Bxg7+ Kxg7 26.Rxe7 h5 27.Rxf7+ Rxf7 28.c7 Rf8
29.d6 h4 30.Qe5+ Kh6 31.gxh4 Qd1+ 32.Kh2 Qc2 33.Qe3+ Kg7 34.Qxa7 Kh6 35.Qc5
{#r} 1-0

[Event "Bayern Landesliga North"]
[Site "masterchessopen.com Germany"]
[Round "3"]
[White "Kannenberg Karl Heinz (GER)"]
[Black "Haschemi Abbas (GER)"]
[Result "1-0"]
[WhiteElo "2215"]
[BlackElo "2145"]

1.d4 Nf6 2.Nf3 g6 3.g3 d5 4.c4 c6 5.Nbd2 Bg7 6.Bg2 O-O 7.O-O Nbd7 8.b3 Re8
9.Bb2 e5 10.cxd5 cxd5 11.Nxe5 Nxe5 12.dxe5 Ng4 13.Nf3 Nxe5 14.Nxe5 Bxe5
15.Bxe5 Rxe5 16.e3 Be6 17.Qd4 Rh5 18.Bf3 Rf5 19.Bg4 Rf6 20.Bxe6 fxe6 21.Rac1
Rf7 22.Rc2 Qd6 23.e4 Raf8 24.Rd2 a6 25.exd5 Rd7 26.Re1 Qxd5 27.Qxd5 exd5
28.Re5 Rf5 29.Rxf5 gxf5 30.Kg2 Kf7 31.Kf3 Ke6 32.Kf4 Kf6 33.h3 h6 34.f3 Rd8
35.Rd4 Rd6 36.Ke3 Re6+ 37.Kd2 Ke5 38.Rh4 Rg6 39.g4 fxg4 40.fxg4 Kf4 41.Kd3 Re6
42.Rh5 Kg3 43.Kd4 Rd6 44.a3 a5 45.g5 hxg5 46.Rxg5+ Kxh3 47.Rxd5 Ra6 48.Rg5 a4
49.b4 Rd6+ 50.Rd5 Rc6 51.Rc5 {#r} 1-0

[Event "Ch Germany (universities))"]
[Site "masterchessopen.com Germany"]
[Round "0"]
[White "Ellers Holger (GER)"]
[Black "Kargoll Boris (GER)"]
[Result "1-0"]
[WhiteElo "2426"]
[BlackElo "2264"]

1.d4 Nf6 2.Nf3 g6 3.g3 Bg7 4.Bg2 d5 5.c4 c6 6.Nbd2 O-O 7.O-O Bf5 8.b3 Ne4
9.Bb2 Nd7 10.Nh4 Nxd2 11.Qxd2 Be6 12.cxd5 cxd5 13.e3 g5 14.Nf3 g4 15.Ne1 Nf6
16.Nd3 Bf5 17.Rfc1 Be4 18.Bf1 Nd7 19.Be2 f5 20.Qb4 b6 21.Nf4 Rf6 22.Bb5 Bf8
23.Qa4 Nb8 24.Rc3 Rh6 25.Rac1 Qd6 26.h4 gxh3 27.Kh2 Qf6 28.Rc8 Qg5 29.Ba3 Qg4
30.Be2 Bf3 31.Qe8 Rf6 32.Bxe7 {#r} 1-0

[Event "Landesliga North 1999/00"]
[Site "masterchessopen.com Germany"]
[Round "1"]
[White "Jirovsky Pavel (CZE)"]
[Black "Zwanzger Johannes (GER)"]
[Result "0-1"]
[WhiteElo "2321"]
[BlackElo "2280"]

1.d4 Nf6 2.Nf3 g6 3.g3 Bg7 4.Bg2 O-O 5.O-O d5 6.c4 c6 7.Nbd2 Be6 8.b3 Qc8
9.Ba3 Re8 10.Rc1 dxc4 11.bxc4 Bh3 12.e4 Bxg2 13.Kxg2 Nfd7 14.Qb3 c5 15.d5 e5
16.Ne1 Na6 17.Nd3 b6 18.Bb2 Nc7 19.f4 f6 20.Rf2 Qd8 21.Rcf1 Qe7 22.Qd1 Rf8
23.h4 exf4 24.gxf4 b5 25.Re1 Nb6 26.Qc2 bxc4 27.Nxc4 Nb5 28.Qb3 Nd6 29.Nxd6
Qxd6 30.Ba3 Rfc8 31.Rc2 Nd7 32.Qc4 Kh8 33.Rb1 Bh6 34.Kf3 Bxf4 35.Rb7 Bh6
36.Qb5 Ne5+ 37.Nxe5 Qxe5 {#R} 0-1

[Event "Ch Vietnam (juniors) (under 17)"]
[Site "masterchessopen.com Ho Chi Minh City (Vietnam)"]
[Round "6"]
[White "Le Thanh Tu (VIE)"]
[Black "Le Kieu Thien Kim (VIE)"]
[Result "0-1"]
[WhiteElo "2331"]
[BlackElo "2301"]

1.Nf3 Nf6 2.g3 g6 3.Bg2 Bg7 4.O-O O-O 5.d4 d5 6.Nbd2 c6 7.c4 Nbd7 8.Qc2 dxc4
9.Nxc4 Nb6 10.Nxb6 Bf5 11.Qb3 Qxb6 12.Qxb6 axb6 13.Bd2 Rfd8 14.a3 Be4 15.Bb4
Nd5 16.Bc3 Nxc3 17.bxc3 Ra4 18.Nd2 Bxg2 19.Kxg2 Rda8 20.Nb1 b5 21.e3 e6 22.Rc1
Bf8 23.Rc2 b6 24.Kf3 c5 25.Rb2 b4 26.cxb4 cxb4 27.Raa2 R8a6 28.Rb3 bxa3 29.Nc3
Rc4 30.Ke4 Bb4 31.Nb5 Be7 {#R} 0-1

[Event "Cup Russia (open)"]
[Site "masterchessopen.com Moscow (Russia)"]
[Round "9"]
[White "Kharitonov Andrei V (RUS)"]
[Black "Odeev Handszar (TKM)"]
[Result "1-0"]
[WhiteElo "2559"]
[BlackElo "2407"]

1.d4 Nf6 2.Nf3 g6 3.c4 Bg7 4.g3 c6 5.Bg2 d5 6.Nbd2 O-O 7.O-O Na6 8.b3 Bf5
9.Bb2 Ne4 10.Nh4 Nxd2 11.Qxd2 Be6 12.Rac1 Qd7 13.Nf3 Bh3 14.cxd5 cxd5 15.Ne5
Qe6 16.Bxh3 Qxh3 17.Qa5 Qe6 18.Qb5 Bxe5 19.dxe5 Qb6 20.Qxd5 Nb4 21.Qd7 Nc6
22.Qg4 Rad8 23.e6 f6 24.Rfd1 Rxd1+ 25.Rxd1 Rd8 26.Rd7 Qa5 27.Qc4 Kg7 28.b4 Qa4
29.Rxb7 Rd1+ 30.Kg2 Rb1 31.Qc3 Kh6 32.Qd2+ g5 33.Bxf6 exf6 34.Qd3 Ne7 35.Rxe7
Qc6+ 36.f3 {#r} 1-0

[Event "It (open)"]
[Site "masterchessopen.com Paris (France)"]
[Round "7"]
[White "Guigonis Dominique (FRA)"]
[Black "Appendino Jerome (FRA)"]
[Result "0-1"]
[WhiteElo "2314"]
[BlackElo "2180"]

1.d4 Nf6 2.Nf3 g6 3.Nbd2 d5 4.c4 c6 5.g3 Bg7 6.Bg2 O-O 7.O-O Nbd7 8.b4 a5 9.b5
cxb5 10.cxb5 a4 11.Ba3 Re8 12.Qc2 e5 13.dxe5 Nxe5 14.Rac1 Bf5 15.Qc7 Nc4
16.Qxd8 Raxd8 17.Nxc4 dxc4 18.Rxc4 Rxe2 19.Rxa4 Rxa2 20.Nh4 Bd7 21.Rd1 Re8
22.Bf1 Be6 23.Re1 Rc8 24.Ra7 Ng4 25.Re2 Ra1 26.Nf3 Bc4 27.Re1 Rxe1 28.Nxe1 Bd4
29.Ra4 Bxf2+ 30.Kg2 Bxf1+ {#R} 0-1

[Event "Ch Great Britain"]
[Site "masterchessopen.com Scarborough (England)"]
[Round "10"]
[White "Ledger Andrew (ENG)"]
[Black "Thiruchelvam Thirumurugan (ENG)"]
[Result "1-0"]
[WhiteElo "2431"]
[BlackElo "2020"]

1.Nf3 Nf6 2.g3 g6 3.Bg2 Bg7 4.O-O O-O 5.c4 c6 6.d4 d5 7.Nbd2 Nbd7 8.Qc2 Nb6
9.c5 Nbd7 10.b4 Re8 11.Bb2 Qc7 12.Qb3 Nf8 13.a4 Bg4 14.Rfe1 Bxf3 15.Bxf3 N8d7
16.Bg2 Rad8 17.Rab1 e5 18.e3 e4 19.b5 Nf8 20.Bc3 Ne6 21.bxc6 bxc6 22.Qb7 Qxb7
23.Rxb7 Rd7 24.Reb1 Ree7 25.Rb8+ Re8 26.Ba5 Kf8 27.Bf1 Bh6 28.Ba6 Ng8 29.Rxe8+
Kxe8 30.Rb8+ Nd8 31.Bc8 Re7 32.Bxd8 Kxd8 33.Ba6+ {#r} 1-0

[Event "Ch Spain (team) (juniors) (under 16)"]
[Site "masterchessopen.com Segovia (Spain)"]
[Round "1"]
[White "Ortega Hermida Daniel (ESP)"]
[Black "Gomez Anadon Daniel (ESP)"]
[Result "1-0"]
[WhiteElo "2095"]
[BlackElo "2087"]

1.d4 Nf6 2.Nf3 g6 3.g3 Bg7 4.Bg2 O-O 5.O-O d5 6.c4 c6 7.Nbd2 Nbd7 8.b3 Re8
9.Bb2 dxc4 10.Nxc4 Nb6 11.Nce5 Nfd7 12.Nxf7 Kxf7 13.Ng5+ Kf6 14.d5+ e5
15.dxe6+ Ne5 16.Bxe5+ Kxg5 17.Qc1+ Kf5 18.Bh3+ Kxe5 19.Qf4+ Kd5 20.Rfd1+ {#r}
1-0

[Event "Ch Slovakia (team) 1998/99 (1 liga) East"]
[Site "masterchessopen.com Slovakia"]
[Round "10"]
[White "Koval Anton (SVK)"]
[Black "Seelinger Lorenz (GER)"]
[Result "0-1"]
[WhiteElo "2193"]
[BlackElo "2254"]

1.d4 Nf6 2.Nf3 g6 3.g3 Bg7 4.Bg2 d5 5.O-O O-O 6.Nbd2 c6 7.c4 a5 8.Ne5 Nfd7
9.Nxd7 Bxd7 10.Qb3 Bxd4 11.Qxb7 Na6 12.Qb3 e6 13.Nf3 Rb8 14.Qc2 Bf6 15.e4 Qb6
16.e5 Bg7 17.b3 c5 18.Bg5 d4 19.Qc1 Bc6 20.Qf4 Nb4 21.Bf6 Nd3 22.Qd2 Be4
23.Bxg7 Kxg7 24.Qe2 Bxf3 25.Qxd3 Bxg2 26.Kxg2 a4 27.Rab1 Qa5 28.Qf3 Qd2 29.a3
axb3 30.Rxb3 Rxb3 31.Qxb3 Qe2 32.a4 Qxe5 33.Rb1 Ra8 34.Qb5 Rxa4 35.Qxa4 Qe4+
36.f3 Qxb1 37.Qb5 Qa2+ 38.Kh3 Qa3 39.Qb8 Qxf3 40.Qe5+ Qf6 41.Qxc5 Qf5+ {#R}
0-1

[Event "It"]
[Site "masterchessopen.com Southend (England)"]
[Round "1"]
[White "Pert Nicholas (ENG)"]
[Black "Lalic Bogdan (ENG)"]
[Result "1-0"]
[WhiteElo "2425"]
[BlackElo "2550"]

1.d4 Nf6 2.Nf3 g6 3.g3 Bg7 4.Bg2 d5 5.O-O O-O 6.Nbd2 c6 7.c4 Bf5 8.b3 Ne4
9.Bb2 Nd7 10.e3 Nxd2 11.Nxd2 Nf6 12.Qe2 Qd7 13.Rfd1 Bh3 14.Bh1 h6 15.Rac1 Rac8
16.Re1 Rfd8 17.Nf3 Ng4 18.Red1 Qe8 19.Ne1 dxc4 20.bxc4 e5 21.f3 exd4 22.fxg4
Qxe3+ 23.Qxe3 dxe3 24.Bxg7 Kxg7 25.Bf3 Rd2 26.Rc2 Rxd1 27.Bxd1 Rd8 28.Be2 Rd4
29.Ng2 Bxg4 30.Bxg4 Rxg4 31.Nxe3 Rd4 32.c5 Rb4 33.Kf2 h5 34.Ke2 h4 35.Kd3 hxg3
36.hxg3 f5 37.Nc4 Kf6 38.Rc3 Ke6 39.Rb3 Ra4 40.a3 Kd5 41.Rb4 Ra6 42.Rxb7 Kxc5
43.Re7 Kb5 44.Kd4 c5+ 45.Kd5 Ka4 46.Kxc5 Kb3 47.Re3+ Kc2 48.Kd4 g5 49.Rc3+ Kb1
50.Ke5 f4 51.gxf4 gxf4 52.Kxf4 Re6 53.a4 Ka2 54.a5 Re7 55.Kf5 a6 56.Ra3+ Kb1
57.Rb3+ Kc2 58.Rb6 Kc3 59.Ne5 Ra7 60.Ke4 Rh7 61.Kd5 Rh5 62.Kd6 Kd4 63.Nc6+ Kc4
64.Rb4+ Kc3 65.Rb6 Kc4 66.Rxa6 Rh6+ 67.Kc7 Kc5 68.Rb6 Rh7+ 69.Kb8 Rg7 70.Na7
Rg8+ 71.Nc8 Rh8 72.Rg6 Rh2 73.a6 Rb2+ 74.Rb6 {#r} 1-0

[Event "Ch Asturia (team) 1999/00"]
[Site "masterchessopen.com Spain"]
[Round "2"]
[White "Fernandez Ponce Luis Miguel (ESP)"]
[Black "Cueto Aller Francisco Antonio (ESP)"]
[Result "1-0"]
[WhiteElo "1966"]
[BlackElo "1815"]

1.d4 d5 2.Nf3 Nf6 3.g3 g6 4.Bg2 Bg7 5.c4 c6 6.Nbd2 O-O 7.O-O Nbd7 8.Qc2 Re8
9.b3 e5 10.dxe5 Nxe5 11.Bb2 Bf5 12.Qd1 Nxf3+ 13.Bxf3 dxc4 14.Nxc4 Qe7 15.Qd6
Rad8 16.Qf4 Nd5 17.Bxd5 Bxb2 18.Bxf7+ Qxf7 19.Nxb2 Rxe2 20.Rfe1 Rxb2 {#r} 1-0

[Event "It (b)"]
[Site "masterchessopen.com Spain"]
[Round "1"]
[White "Guerra Bastida Diego (ESP)"]
[Black "Rodriguez Boado Martin (ESP)"]
[Result "1-0"]
[WhiteElo "2273"]
[BlackElo "2167"]

1.Nf3 Nf6 2.g3 g6 3.Bg2 Bg7 4.O-O O-O 5.d4 c6 6.Nbd2 d5 7.c4 Bf5 8.b3 h6 9.Bb2
Qd6 10.e3 Nfd7 11.Qe2 Qe6 12.Nh4 Bg4 13.f3 Bh3 14.Bxh3 Qxh3 15.f4 e6 16.e4 Nf6
17.e5 Ng4 18.Ndf3 dxc4 19.bxc4 Rd8 20.Kh1 c5 21.Ng1 Qxh2+ 22.Qxh2 Nxh2 23.Kxh2
cxd4 24.Nhf3 Nc6 25.Rfd1 d3 26.Ba3 Na5 27.Rac1 Rac8 28.Nd2 f6 29.Be7 Rd7
30.exf6 Kf7 31.Ne4 Bf8 32.Nf3 Ke8 33.Ne5 Rd4 34.Nd6+ Rxd6 35.Bxd6 Bxd6 36.Rxd3
Bxe5 37.fxe5 Rxc4 38.Rcd1 Nc6 39.Rd7 Nxe5 40.Re7+ {#r} 1-0

[Event "Memorial M.Chigorin (open)"]
[Site "masterchessopen.com St. Petersburg (Russia)"]
[Round "4"]
[White "Faibisovich Vadim Z (RUS)"]
[Black "Novitzkij Dmitrij (BLR)"]
[Result "1-0"]
[WhiteElo "2400"]
[BlackElo "2284"]

1.d4 Nf6 2.Nf3 d5 3.g3 g6 4.Bg2 Bg7 5.O-O O-O 6.c4 c6 7.Nbd2 Bf5 8.b3 Nbd7
9.Bb2 Ne4 10.Nh4 Nxd2 11.Qxd2 Be6 12.e4 dxc4 13.d5 Bxb2 14.Qxb2 cxd5 15.exd5
Bg4 16.Qd4 Nf6 17.bxc4 b6 18.h3 Bd7 19.Nf3 Qc7 20.Rfe1 Qd6 21.Re3 Rac8 22.Rae1
Rfe8 23.Ne5 Rc5 24.g4 Rd8 25.Nd3 Ra5 26.Rxe7 Rxa2 27.c5 bxc5 28.Nxc5 Bc8 29.g5
Nd7 30.Ne6 Ne5 31.Nxd8 Qxe7 32.Qxe5 {#r} 1-0

[Event "It (open)"]
[Site "masterchessopen.com Zadar (Croatia)"]
[Round "9"]
[White "Sale Srdjan (CRO)"]
[Black "Kos Toni (SLO)"]
[Result "0-1"]
[WhiteElo "2420"]
[BlackElo "2310"]

1.Nf3 Nf6 2.g3 g6 3.Bg2 Bg7 4.O-O O-O 5.d4 d5 6.Nbd2 c6 7.c4 e6 8.b4 Nbd7
9.Bb2 Re8 10.Qb3 a5 11.a3 a4 12.Qc2 b6 13.Rfe1 Bb7 14.Rac1 Qb8 15.Ba1 Rc8
16.Rb1 Qc7 17.Rec1 Qd8 18.Qd1 Ne8 19.e4 Nd6 20.e5 Nf5 21.Rc2 Qe7 22.Bf1 Rc7
23.cxd5 exd5 24.Rbc1 c5 25.Nb1 Rcc8 26.bxc5 bxc5 27.Nc3 cxd4 28.Nxd5 Qxa3
29.Rxc8+ Rxc8 30.Rxc8+ Bxc8 31.Nxd4 Nxe5 32.Nxf5 Bxf5 33.Bxe5 Bxe5 34.Qe2 Qd6
35.Qb5 Kg7 36.Bc4 a3 37.h4 Bd4 38.Kg2 Qc5 39.Be2 Qc2 {#R} 0-1

[Event "It (open)"]
[Site "masterchessopen.com Bad Woerishofen (Germany)"]
[Round "4"]
[White "Mainka Romuald (GER)"]
[Black "Schaller Sven (GER)"]
[Result "1-0"]
[WhiteElo "2463"]
[BlackElo "2334"]

1.Nf3 Nf6 2.g3 g6 3.Bg2 Bg7 4.O-O O-O 5.d4 d5 6.c4 c6 7.Nbd2 Nbd7 8.b3 b6
9.Bb2 Bb7 10.Qc2 Rc8 11.Rac1 c5 12.dxc5 Nxc5 13.Rfd1 e6 14.Qb1 Qe7 15.Qa1 Rfd8
16.Ne5 dxc4 17.Bxb7 Nxb7 18.Ndxc4 Ne8 19.Rxd8 Nxd8 20.Rd1 Rc7 21.Ba3 Qf6
22.Bb2 Qe7 23.a4 Nb7 24.Rd3 Nc5 25.Rf3 f5 26.Qd1 Nf6 27.Ba3 Nfd7 28.Nd3 Bf6
29.Nxc5 Nxc5 30.Rd3 Qe8 31.Bxc5 bxc5 32.Rd6 Qc8 33.e3 Be7 34.Rd3 Qe8 35.Ne5
Bf6 36.Rd7 Rxd7 37.Nxd7 Be7 38.Qd3 Qc8 39.Ne5 Qe8 40.Qa6 Bf6 41.Nd3 Qd7
42.Nxc5 Qd1+ 43.Qf1 Qd5 44.Qb5 Be7 45.Qe8+ Bf8 46.Nxe6 {#r} 1-0

[Event "It (open) \"]
[Site "masterchessopen.com Budapest (Hungary)"]
[Round "9"]
[White "Kreindl Helmut (AUT)"]
[Black "Csaszar Gyula (HUN)"]
[Result "1-0"]
[WhiteElo "2193"]
[BlackElo "2113"]

1.Nf3 Nf6 2.g3 d5 3.Bg2 g6 4.d4 Bg7 5.O-O O-O 6.Nbd2 c6 7.c4 dxc4 8.Nxc4 Be6
9.Qc2 h6 10.Re1 Nbd7 11.e4 Rc8 12.Ne3 Qb6 13.b3 Ne8 14.Bb2 Nd6 15.Rad1 a5
16.e5 Nb5 17.Qd2 Qa7 18.d5 cxd5 19.Nxd5 Qc5 20.Nf4 Bg4 21.e6 Nf6 22.exf7+ Kh7
23.h3 Bf5 24.Nh4 Rxf7 25.Nxf5 Qxf5 26.Re5 Rc2 27.Rxf5 Rxd2 28.Rxd2 gxf5
29.Bxb7 e5 30.Ba6 Ne4 31.Rc2 exf4 32.Bxb5 fxg3 33.fxg3 Bf8 34.Bc4 Bc5+ 35.Kg2
Rf8 36.Bd3 Bb6 37.g4 Rd8 38.Be2 Bc5 39.Bf3 Bd6 40.Bxe4 fxe4 41.Rd2 a4 42.Be5
axb3 43.axb3 Be7 44.Rxd8 Bxd8 45.Kg3 Bb6 46.Kf4 e3 47.Kf3 Kg6 48.Bf4 h5
49.Bxe3 hxg4+ 50.hxg4 Ba5 51.Bc5 Kg5 52.b4 Bc7 53.b5 Bb8 54.Bf2 Bd6 55.Ba7
{#r} 1-0

[Event "Tournament (team) \"]
[Site "masterchessopen.com Buenos Aires (Argentina)"]
[Round "2"]
[White "Grushka Carlos (ARG)"]
[Black "Jolodovsky Alberto (ARG)"]
[Result "1-0"]
[WhiteElo "2235"]
[BlackElo "2006"]

1.Nf3 Nf6 2.g3 g6 3.Bg2 Bg7 4.O-O O-O 5.d4 d5 6.Nbd2 c6 7.c4 dxc4 8.Nxc4 Be6
9.b3 Nbd7 10.Ng5 Bxc4 11.bxc4 Nb6 12.Qd3 Nfd7 13.Be3 e5 14.d5 cxd5 15.cxd5 Rc8
16.Rac1 Nf6 17.Rfd1 Rxc1 18.Bxc1 h6 19.Nh3 Qd7 20.e4 Qa4 21.Bb2 Nc4 22.Bc3 b5
23.Bf1 Nxe4 24.Ba1 Ned6 25.Qe2 Re8 26.f3 e4 27.Nf2 exf3 28.Qxf3 Ne3 29.Re1
Nxf1 30.Rxe8+ Nxe8 31.Bxg7 Qc4 32.Bxh6 {#r} 1-0

[Event "Ch Europe (juniors) (under 14) (g)"]
[Site "masterchessopen.com Chalkidiki (Greece)"]
[Round "2"]
[White "Chistiakova Tamara (RUS)"]
[Black "Toth Laszlo (HUN)"]
[Result "1-0"]
[WhiteElo "2065"]
[BlackElo "1791"]

1.d4 Nf6 2.Nf3 g6 3.g3 Bg7 4.Bg2 d5 5.c4 c6 6.O-O O-O 7.Nbd2 e6 8.b3 Nbd7
9.Bb2 Ne4 10.Qc2 f5 11.b4 Ndf6 12.Nb3 Bd7 13.Ne5 Qc7 14.cxd5 exd5 15.b5 Rac8
16.Ba3 Rfe8 17.bxc6 Bxc6 18.Rac1 Nd7 19.Nxc6 bxc6 20.e3 a5 21.Bxe4 fxe4 22.Qd2
a4 23.Na5 Re6 24.Rb1 Nb6 25.Rfc1 Rf6 26.Bc5 Rb8 27.Qb4 Nd7 28.Qxa4 Ra8 29.Bb4
Ra6 30.Qb5 Rb6 31.Qxd5+ cxd5 32.Rxc7 Rf7 33.a3 Bf8 34.Rc8 Kg7 35.Bxf8+ Rxf8
36.Rxb6 Nxb6 37.Rxf8 Kxf8 38.Nb3 Ke7 39.Nc5 Kd6 40.a4 Nc4 41.Kf1 Kc6 42.Ke2
Kb6 43.f3 {#r} 1-0

[Event "Ch Russia (w)"]
[Site "masterchessopen.com Elista (Russia)"]
[Round "9"]
[White "Sirotkina Nina (RUS)"]
[Black "Mashinskaya Iulia (RUS)"]
[Result "1-0"]
[WhiteElo "2274"]
[BlackElo "2335"]

1.d4 d5 2.c4 c6 3.Nf3 Nf6 4.Nbd2 g6 5.g3 Bg7 6.Bg2 O-O 7.O-O Be6 8.b3 h6 9.Bb2
Nbd7 10.e3 a5 11.Qe2 a4 12.Bc3 axb3 13.axb3 Qc7 14.e4 dxe4 15.Nxe4 Nxe4
16.Qxe4 Qb6 17.Qc2 Bf5 18.Qb2 Nf6 19.Nd2 Qc7 20.Rfe1 Qd7 21.d5 cxd5 22.Bxd5
Nh5 23.Bf3 Bxc3 24.Qxc3 Rxa1 25.Rxa1 Bg4 26.Bg2 Nf6 27.Qe3 Rd8 28.Nf3 Kg7
29.Re1 Qd3 30.h3 Bc8 31.Qxd3 Rxd3 32.Rxe7 Rxb3 33.Ne5 Rb1+ 34.Kh2 Be6 35.Rxb7
Re1 36.Nd3 Rd1 37.Ne5 Re1 38.f4 Re2 39.Kg1 Ne8 40.Bd5 Nd6 41.Rb6 Nc8 42.Rb7
Nd6 43.Rc7 Bxd5 44.cxd5 Rd2 45.Rd7 Rxd5 46.Nc4 Rd1+ 47.Kh2 Nxc4 48.Rxd1 h5
49.Rc1 Ne3 50.Rc3 Nd5 51.Rd3 Nc7 52.Kg2 Ne6 53.Kf3 Kf6 54.Rd5 Ng7 55.Rd6+ Ne6
56.Ke4 Ke7 57.Rc6 Kf6 58.Rb6 Kg7 59.Ke5 Nf8 60.Rb7 Ne6 61.f5 gxf5 62.Kxf5 Kg8
63.Kf6 Nc5 64.Rb8+ Kh7 65.Kxf7 Ne4 66.g4 hxg4 67.hxg4 Kh6 68.Rb4 Nc3 69.Rc4
Nd5 70.Ke6 Ne3 71.Re4 Nf1 72.Kf6 Ng3 73.Re3 {#r} 1-0

[Event "It (open) \"]
[Site "masterchessopen.com Germany"]
[Round "0"]
[White "Fridman Rafael (GER)"]
[Black "Kalka Arkadius Georg (GER)"]
[Result "0-1"]
[WhiteElo "2351"]
[BlackElo "2378"]

1.Nf3 d5 2.g3 Nf6 3.Bg2 g6 4.O-O Bg7 5.d4 O-O 6.c4 c6 7.Nbd2 a5 8.b3 Na6 9.Bb2
Bf5 10.Ne5 Nc7 11.h3 Nd7 12.f4 f6 13.Nxd7 Qxd7 14.g4 Be6 15.e4 f5 16.gxf5 gxf5
17.exd5 cxd5 18.c5 Bf7 19.Nf3 Bh5 20.Qd2 Bxf3 21.Rxf3 Ne8 22.a4 Nf6 23.b4 Ne4
24.Qe1 Kh8 25.Rb3 Rg8 26.Ra2 Bh6 27.Bc1 Rg6 28.bxa5 Rag8 29.Qb4 e6 30.Qxb7
Qxa4 31.Re2 Qxd4+ 32.Kh2 Nf2 {#R} 0-1